
Library Catalogue

| 000 -LEADER | |
|---|---|
| fixed length control field | 01596nam a2200229Ia 4500 |
| 003 - CONTROL NUMBER IDENTIFIER | |
| control field | OSt |
| 005 - DATE AND TIME OF LATEST TRANSACTION | |
| control field | 20210623112026.0 |
| 008 - FIXED-LENGTH DATA ELEMENTS--GENERAL INFORMATION | |
| fixed length control field | 160316s2010 xxu||||| |||| 00| 0 eng d |
| 020 ## - INTERNATIONAL STANDARD BOOK NUMBER | |
| International Standard Book Number | 9780521191470 |
| 040 ## - CATALOGING SOURCE | |
| Transcribing agency | n |
| 082 ## - DEWEY DECIMAL CLASSIFICATION NUMBER | |
| Classification number | 338.502400 |
| Item number | MCK |
| 100 ## - MAIN ENTRY--PERSONAL NAME | |
| Personal name | McKenzie Richard B |
| 245 ## - TITLE STATEMENT | |
| Title | Microeconomics for MBAs : The economic way of thinking for managers |
| 250 ## - EDITION STATEMENT | |
| Edition statement | 2nd |
| 260 ## - PUBLICATION, DISTRIBUTION, ETC. | |
| Place of publication, distribution, etc. | Cambridge |
| Name of publisher, distributor, etc. | Cambridge University Press |
| Date of publication, distribution, etc. | 2010 |
| 300 ## - PHYSICAL DESCRIPTION | |
| Extent | 536p |
| Dimensions | xxix |
| 365 ## - TRADE PRICE | |
| Price amount | Rs,. 795 |
| 505 ## - FORMATTED CONTENTS NOTE | |
| Formatted contents note | Table of contents<br/>List of figures; <br/>List of tables; <br/>Part I. The Market Economy, Overview and Application: <br/>1. Microeconomics: a way of thinking about business; <br/>2. Competitive product markets and firm decisions; <br/>3. Principles of rational behavior in society and business; <br/>4. Applications of the economic way of thinking: domestic government and management policies; <br/>5. Applications of the economic way of thinking: international and environmental economics; <br/>Part II. Demand and Production Theory: <br/>6. Consumer choice and demand in traditional and network markets; <br/>7. Production costs and the theory of the firm; <br/>8. Production costs in the short run and long run; <br/>Part III. Competitive and Monopoly Market Structures: <br/>9. Firm production under idealized competitive conditions; <br/>10. Monopoly power and firm pricing decisions; <br/>11. Firm strategy under imperfectly competitive market conditions; <br/>12. Competitive and monopolistic labor markets; <br/>Index. |
| 650 ## - SUBJECT ADDED ENTRY--TOPICAL TERM | |
| Topical term or geographic name entry element | 1. Microeconomics2. Managerial Economics |
| 700 ## - ADDED ENTRY--PERSONAL NAME | |
| Personal name | Richard B Dwight R |
| -- | |
| 942 ## - ADDED ENTRY ELEMENTS (KOHA) | |
| Source of classification or shelving scheme | Dewey Decimal Classification |
| Koha item type | BOOKs |
| Withdrawn status | Lost status | Damaged status | Not for loan | Home library | Current library | Shelving location | Date acquired | Cost, normal purchase price | Total Checkouts | Full call number | Barcode | Date last seen | Price effective from | Koha item type |
|---|---|---|---|---|---|---|---|---|---|---|---|---|---|---|
| . | . | 30.05.2017 | 795.00 | 338.5024 MCK | 30369 | 30.05.2017 | 30.05.2017 | BOOKs |